New outlines of sermons on the New Testament. (Record no. 5226)

000 -LEADER
fixed length control field 00540nam a2200169 a 4500
001 - CONTROL NUMBER
control field :::00002968$&:&@@
003 - CONTROL NUMBER IDENTIFIER
control field OkBaRHE
005 - DATE AND TIME OF LATEST TRANSACTION
control field 20000607103258.0
008 - FIXED-LENGTH DATA ELEMENTS--GENERAL INFORMATION
fixed length control field j 000 0 eng u
040 ## - CATALOGING SOURCE
Transcribing agency
245 10 - TITLE STATEMENT
Title New outlines of sermons on the New Testament.
260 ## - PUBLICATION, DISTRIBUTION, ETC. (IMPRINT)
Place of publication, distribution, etc New York, NY., :
Name of publisher, distributor, etc George H. Doran Co.
Date of publication, distribution, etc nd
300 ## - PHYSICAL DESCRIPTION
Extent 327 p. ;
Dimensions 19 cm.
650 ## - SUBJECT ADDED ENTRY--TOPICAL TERM
Topical term or geographic name as entry element Bible New Testament
General subdivision Sermons
-- Outlines
942 ## - ADDED ENTRY ELEMENTS (KOHA)
Source of classification or shelving scheme
Koha item type Books
Copies
Price effective from Lost status Damaged status Withdrawn status Date acquired Date last seen Source of classification or shelving scheme Shelving location Not for loan Copy number Koha item type Barcode Permanent Location Full call number
2010-04-14   2010-04-142018-03-16 General Stacks 1Books2968RHEMA Bible Training CollegeBS 2525 .N327